Religion Quiz

Random Religion or Quote Quiz

The Great Commission Quiz Stats

 Plays Quiz not verified by Sporcle

Score 0/68 Timer 04:00
0 Plays Today
Matthew 28:18-20 (KJV) % Correct
the
96.4%
the
96.4%
the
96.4%
the
96.4%
the
96.4%
the
96.4%
Go
92.1%
And
91.3%
and
91.3%
and
91.3%
and
91.3%
and
91.3%
and
91.3%
and,
91.3%
I
87.3%
I
87.3%
unto
86.8%
unto
86.8%
unto
86.8%
of
86.1%
of
86.1%
of
86.1%
of
86.1%
in
83.4%
in
83.4%
in
83.4%
'All
79.8%
all
79.8%
all
79.8%
to
78.4%
Father,
77.6%
Son,
77.2%
Holy
77.2%
them,
76.7%
Matthew 28:18-20 (KJV) % Correct
them
76.7%
them
76.7%
name
76.4%
Ghost:
75.2%
you:
74.3%
you
74.3%
end
68.5%
spake
67.1%
Jesus
66.6%
world.'
66.6%
with
65.6%
baptizing
62.7%
am
62%
nations,
61.5%
me
60.3%
teach
60.1%
lo,
58.4%
earth.
57.5%
therefore,
57.5%
alway,
54.8%
heaven
54.6%
ye
51.7%
even
50.5%
have
49.8%
is
49%
given
47.4%
Teaching
45%
authority
43.3%
saying,
42.3%
commanded
39.9%
things
36.5%
came
36.3%
observe
28.8%
whatsoever
18.5%

You're not logged in!

Compare scores with friends on all Sporcle quizzes.
OR
Log In

Show Comments

Extras

Top Quizzes Today


Score Distribution

Your Account Isn't Verified!

In order to create a playlist on Sporcle, you need to verify the email address you used during registration. Go to your Sporcle Settings to finish the process.

Report this User

Report this user for behavior that violates our Community Guidelines.

Details: